Лисица на поводке: Повесть

Bibliografiske detaljer
Hovedforfatter: Силкин В. Владимир
Summary:Исключено из фонда НТБ ТПУ
Sprog:russisk
Udgivet: Москва, ЭКСМО, 1997
Serier:Русский бестселлер
Format: MixedMaterials Bog
KOHA link:https://koha.lib.tpu.ru/cgi-bin/koha/opac-detail.pl?biblionumber=4234

MARC

LEADER 00000nam0a2200000 4500
001 4234
005 20231030175015.0
010 |a 5251003307 
035 |a (RuTPU)RU\TPU\book\4257 
035 |a BOOK00004267 
090 |a 4234 
100 |a 20011209d1997 m y0rusy50 ca 
101 0 |a rus 
102 |a RU 
105 |a y z 000ay 
200 1 |a Лисица на поводке  |e Повесть  |f В. Силкин 
210 |a Москва  |c ЭКСМО  |d 1997 
215 |a 320 с. 
225 1 |a Русский бестселлер 
333 |a Исключено из фонда НТБ ТПУ 
700 1 |a Силкин  |b В.  |g Владимир 
801 0 |a RU  |b 63413507  |c 20011209  |g PSBO 
801 2 |a RU  |b 63413507  |c 20201110  |g PSBO 
942 |c BK